La philosophie et les philosophes dans les sermons de Calvin
Of a homiletic nature, Calvin’s predication follows the principle of the lectio continua, akin to the commentary on the lectiones. The reformer often mentions philosophers in a positive fashion regarding the knowledge they represent but also in order to criticize them. Philosophy and philosophers ar...
| Main Author: | |
|---|---|
| Format: | Electronic Article |
| Language: | French |
| Check availability: | HBZ Gateway |
| Interlibrary Loan: | Interlibrary Loan for the Fachinformationsdienste (Specialized Information Services in Germany) |
| Published: |
2014
|
| In: |
Revue des sciences philosophiques et théologiques
Year: 2014, Volume: 98, Issue: 3, Pages: 581-597 |
| Further subjects: | B
Homélie
B Cosmologie B Astrology B GianFrancesco Pico della Mirandola B Augustin B Marsile Ficin B Jean Chrysostome B Platon B Philosophie chrétienne B Commentaire biblique |
| Online Access: |
Volltext (JSTOR) Volltext (kostenfrei) Volltext (kostenfrei) |
| Parallel Edition: | Non-electronic
|
MARC
| LEADER | 00000caa a22000002c 4500 | ||
|---|---|---|---|
| 001 | 1823485286 | ||
| 003 | DE-627 | ||
| 005 | 20250325030546.0 | ||
| 007 | cr uuu---uuuuu | ||
| 008 | 221124s2014 xx |||||o 00| ||fre c | ||
| 024 | 7 | |a 10.3917/rspt.983.0581 |2 doi | |
| 035 | |a (DE-627)1823485286 | ||
| 035 | |a (DE-599)KXP1823485286 | ||
| 040 | |a DE-627 |b ger |c DE-627 |e rda | ||
| 041 | |a fre | ||
| 084 | |a 1 |2 ssgn | ||
| 100 | 1 | |8 1\p |e VerfasserIn |0 (DE-588)1034188992 |0 (DE-627)744904633 |0 (DE-576)381821056 |4 aut |a Millet, Olivier |d 1955- | |
| 109 | |a Millet, Olivier 1955- |a Millet, O. 1955- | ||
| 245 | 1 | 3 | |a La philosophie et les philosophes dans les sermons de Calvin |
| 264 | 1 | |c 2014 | |
| 336 | |a Text |b txt |2 rdacontent | ||
| 337 | |a Computermedien |b c |2 rdamedia | ||
| 338 | |a Online-Ressource |b cr |2 rdacarrier | ||
| 520 | |a Of a homiletic nature, Calvin’s predication follows the principle of the lectio continua, akin to the commentary on the lectiones. The reformer often mentions philosophers in a positive fashion regarding the knowledge they represent but also in order to criticize them. Philosophy and philosophers are ambivalent realities, as in the Institution of the Christian religion, which represent human knowledge of the world and of Man in so far as one can or dare consider these realities as independent from God. The greatest praise of Philosophy leads to its sharpest condemnation. Calvin uses the term philosophers in order to criticize his contemporary rivals: on the one hand, scholastic and tridentine Theology, on the other the Erasmian “Moyenneurs”. The reformer distinguishes two “styles”: that of Philosophy and that of scriptural revelation, as two discursive methods, two literary styles and two strategies. Only Holy Scripture is capable of efficiently leading to (Christian) wisdom. | ||
| 520 | |a De nature homilétique, la prédication de Calvin suit le principe de la lectio continua, proche du commentaire des lectiones. Le réformateur mentionne souvent les philosophes, de manière positive pour les savoirs qu’ils représentent, mais aussi pour les critiquer. La philosophie et les philosophes sont des réalités ambivalentes, comme dans l’Institution de la religion chrestienne, et désignent les savoirs humains sur le monde et sur l’homme en tant qu’on peut ou qu’on ose envisager ces réalités comme indépendantes de Dieu. Les plus grands éloges de la philosophie donnent lieu aux condamnations les plus vives. Calvin utilise aussi la désignation de philosophes pour critiquer des adversaires contemporains : d’une part la théologie scolastique et tridentine, d’autre part les « moyenneurs » érasmiens. Le réformateur oppose les deux « styles », celui de la philosophie et celui de la révélation scripturaire, à la fois comme deux méthodes discursives, deux styles au sens littéraire, et deux stratégies : seules les Écritures saintes sont capables de conduire efficacement à la vraie sagesse (chrétienne). | ||
| 601 | |a Philosophie | ||
| 650 | 4 | |a Platon | |
| 650 | 4 | |a Philosophie chrétienne | |
| 650 | 4 | |a Marsile Ficin | |
| 650 | 4 | |a Jean Chrysostome | |
| 650 | 4 | |a Homélie | |
| 650 | 4 | |a GianFrancesco Pico della Mirandola | |
| 650 | 4 | |a Cosmologie | |
| 650 | 4 | |a Commentaire biblique | |
| 650 | 4 | |a Augustin | |
| 650 | 4 | |a Astrologie | |
| 773 | 0 | 8 | |i Enthalten in |t Revue des sciences philosophiques et théologiques |d Paris : Librairie Philosophique J. Vrin, 1907 |g 98(2014), 3, Seite 581-597 |h Online-Ressource |w (DE-627)636681432 |w (DE-600)2576766-5 |w (DE-576)477958125 |x 2118-4445 |7 nnas |
| 773 | 1 | 8 | |g volume:98 |g year:2014 |g number:3 |g pages:581-597 |
| 776 | |i Erscheint auch als |n Druckausgabe |w (DE-627)163064174X |k Non-Electronic | ||
| 856 | |3 Volltext |u http://www.jstor.org/stable/44626882 |x JSTOR | ||
| 856 | 4 | 0 | |u https://doi.org/10.3917/rspt.983.0581 |x Resolving-System |z kostenfrei |3 Volltext |7 0 |
| 856 | 4 | 0 | |u https://www.cairn.info/revue-des-sciences-philosophiques-et-theologiques-2014-3-page-581.htm |x Verlag |z kostenfrei |3 Volltext |7 0 |
| 883 | |8 1\p |a cgwrk |d 20250301 |q DE-101 |u https://d-nb.info/provenance/plan#cgwrk | ||
| 935 | |a mteo | ||
| 951 | |a AR | ||
| ELC | |a 1 | ||
| ITA | |a 1 |t 1 | ||
| LOK | |0 000 xxxxxcx a22 zn 4500 | ||
| LOK | |0 001 4218963746 | ||
| LOK | |0 003 DE-627 | ||
| LOK | |0 004 1823485286 | ||
| LOK | |0 005 20221124053426 | ||
| LOK | |0 008 221124||||||||||||||||ger||||||| | ||
| LOK | |0 035 |a (DE-Tue135)IxTheo#2022-11-17#26B01B7EAD9A05610598FD7AE1A058EDACB1FAEE | ||
| LOK | |0 040 |a DE-Tue135 |c DE-627 |d DE-Tue135 | ||
| LOK | |0 092 |o n | ||
| LOK | |0 852 |a DE-Tue135 | ||
| LOK | |0 852 1 |9 00 | ||
| LOK | |0 866 |x JSTOR#http://www.jstor.org/stable/44626882 | ||
| LOK | |0 935 |a ixzs |a ixrk |a zota | ||
| LOK | |0 939 |a 24-11-22 |b l01 | ||
| OAS | |a 1 | ||
| ORI | |a SA-MARC-ixtheoa001.raw | ||
| REL | |a 1 | ||
| STA | 0 | 0 | |a Astrology,Astrology,Horoscopy,Astrology in art |
| STB | 0 | 0 | |a Astrologie,Astrologie |
| STC | 0 | 0 | |a Astrología,Astrología |
| STD | 0 | 0 | |a Astrologia,Astrologia |
| STE | 0 | 0 | |a 占星学,占星术 |
| STF | 0 | 0 | |a 占星學,占星術 |
| STG | 0 | 0 | |a Astrologia,Astrologia |
| STH | 0 | 0 | |a Астрология (мотив),Астрология |
| STI | 0 | 0 | |a Αστρολογία (μοτίβο),Αστρολογία |
| SUB | |a REL | ||
| SYE | 0 | 0 | |a Horoskopie,Kosmopsychologie,Sterndeutung,Sternglaube |



